Indian chemical engineer. (Record no. 22749)

MARC details
000 -LEADER
fixed length control field 00958nam a22002537a 4500
005 - DATE AND TIME OF LATEST TRANSACTION
control field 00000000000000.0
008 - FIXED-LENGTH DATA ELEMENTS--GENERAL INFORMATION
fixed length control field 821020c xx a ||| |||| 00| 0 eng
010 ## - LIBRARY OF CONGRESS CONTROL NUMBER
LC control number sa 65001329
022 ## - INTERNATIONAL STANDARD SERIAL NUMBER
International Standard Serial Number 0019-4506
040 ## - CATALOGING SOURCE
Original cataloging agency DLC
Transcribing agency CarP
Modifying agency DLC
050 ## - LIBRARY OF CONGRESS CALL NUMBER
Classification number TP1
Item number .I4514
082 ## - DEWEY DECIMAL CLASSIFICATION NUMBER
Classification number 660
245 ## - TITLE STATEMENT
Title Indian chemical engineer.
260 ## - PUBLICATION, DISTRIBUTION, ETC. (IMPRINT)
Place of publication, distribution, etc Calcutta.
Date of publication, distribution, etc 2008-
Name of publisher, distributor, etc Indian Institute of Chemical Engineer
300 ## - PHYSICAL DESCRIPTION
Extent v.
Other physical details illus.
Dimensions 24 cm.
310 ## - CURRENT PUBLICATION FREQUENCY
Current publication frequency Quarterly
590 ## - LOCAL NOTE (RLIN)
Local note PREMARC/SERLOC merged record
650 ## - SUBJECT ADDED ENTRY--TOPICAL TERM
Topical term or geographic name as entry element Chemical engineering
General subdivision Periodical. [from old catalog]
710 ## - ADDED ENTRY--CORPORATE NAME
Corporate name or jurisdiction name as entry element Indian Institute of Chemical Engineers. [from old catalog]
270 ## - ADDRESS
Address Post Box No. 17001
City Kolkata
Postal code 700032
Telephone number 033-24146670, 24129314
Fax number 033-24146670
Electronic mail address iicheme@dataone.in
906 ## - LOCAL DATA ELEMENT F, LDF (RLIN)
b cbc
c premunv
d u
e ncip
f 19
g y-gencatlg
942 ## - ADDED ENTRY ELEMENTS (KOHA)
Source of classification or shelving scheme Dewey Decimal Classification
Item type Periodicals
Classification part 660
Call number suffix IND
Serial record 1
Holdings
Withdrawn status Lost status Source of classification or shelving scheme Damaged status Not for loan Collection code Home library Current library Date acquired Total Checkouts Full call number Date last seen Price effective from Koha item type
    Dewey Decimal Classification   Not For Loan Non-fiction D.B.Act.Division D.B.Act.Division 31/01/2009   660 IND 31/01/2009 31/01/2009 Periodicals

© Delhi Public Library
Hit Counter
free hit counter